| 000 | 00866cam a2200229 4500 | ||
|---|---|---|---|
| 001 | WS110954 | ||
| 008 | 000000n 000 0 eng u | ||
| 035 | _a(Sirsi) u110954 | ||
| 110 |
_aInstitute of Management Consultants _91569 |
||
| 245 | _aInstitute of Management Consultants | ||
| 520 | _aSite for this Australian professional body for management consultants. Includes a list of members, details of how to manage a consulting assignment and their code of conduct. | ||
| 650 | _aAUSTRALIA | ||
| 650 | _aINTERNATIONAL | ||
| 650 |
_aManagement consultancy _96255 |
||
| 650 | _aMANAGEMENT CONSULTANTS | ||
| 650 | 0 | _aCERTIFIED MANAGEMENT CONSULTANT | |
| 650 | _aORGANISATION | ||
| 650 | _aCODE OF CONDUCT | ||
| 690 | _aMANAGEMENT-BUSINESS MANAGEMENT | ||
| 856 | 4 | 0 |
_uhttps://www.imc.org.au _View the website free of charge at www.imc.org.au... |
| 942 | _n0 | ||
| 999 |
_c119781 _d119781 |
||